000 00676nam a2200253 i 4500
001 C2-0301363
003 PPAK
005 20180728082658.0
008 091209s2009 my |||| ||||| | may d
020 _a9789675406034
040 _aPPAK
_beng
_cPPAK
_erda
082 0 4 _a899.233
_223
090 0 0 _a899.233
_bADM
_dG
100 0 _aAd Mirzai,
_eauthor
245 1 0 _aGTO :
_bguru terhebat Olan
264 1 _aBatu Caves, Selangor :
_bPTS One ,
_c2009
300 _a398 pages ;
_c19 cm
336 _2rdacontent
_atext
337 _2rdamedia
_aunmediated
338 _2rdacarrier
_avolume
650 1 0 _aMalay fiction.
700 0 _aMazlia Murat,
_eeditor
942 _ddc
_cB
999 _c105154
_d105154